000 00780nam a2200217 a 4500
001 000027061
005 20240412074252.0
008 110329s1980 dr a 000 j spa d
040 _aDO-SdBNP
_bspa
_cBNPHU
082 _aRD863.44
_bB562u
100 1 _aBetances de Pujadas, Estrella
_945564
245 1 0 _aUnos cuentos para padres con sus niños ; palabras liminares Emilio Rodríguez Demorizi /
_cEstrella Betances de Pujadas.
260 _aSanto Domingo :
_bCorripio,
_c1980.
300 _a101 p. :
_bil. ;
_c22 cm.
504 _aBibliografía: p. 105
590 _aInventariado, 2020/MFF
650 0 _aCuentos dominicanos
_9176
650 0 _aLiteratura dominicana.
_967
700 1 2 _aRodríguez Demorizi, Emilio,
_d1908-1986
_91039
910 _aValidado. Control de calidad MFF
999 _c26553
_d26553